[Event "Rated Blitz game"]
[Site "?"]
[Date "2021.03.21"]
[Round "?"]
[White "YEIKOCASTELLA"]
[Black "anjaya01"]
[Result "1-0"]
[WhiteElo "2421"]
[BlackElo "2340"]
[PlyCount "67"]
[EventDate "2021.??.??"]
[EventType "blitz"]

1. e4 e5 2. Nf3 d5 3. exd5 Bd6 4. Nc3 f5 5. d4 e4 6. Ne5 Nf6 7. Bb5+ Kf8 8. Bg5
Qe7 9. Qd2 a6 10. Ba4 b5 11. Bb3 Nbd7 12. Nc6 Qf7 13. O-O-O Nb6 14. f3 b4 15.
Ne2 a5 16. Bxf6 Qxf6 17. fxe4 fxe4 18. Rhf1 a4 19. Rxf6+ gxf6 20. Qh6+ Kf7 21.
Rf1 f5 22. Ne5+ Bxe5 23. dxe5 axb3 24. Qf6+ Kg8 25. Qd8+ Kg7 26. Qf6+ Kg8 27.
cxb3 Rxa2 28. Kb1 Ra7 29. Nf4 Nd7 30. Qg5+ Kf8 31. Ne6+ Ke8 32. Qd8+ Kf7 33.
Qxh8 Nxe5 34. Qxe5 {Normal} 1-0

[Event "Rated Blitz tournament CsZbzNUq"]
[Site "?"]
[Date "2021.03.21"]
[Round "?"]
[White "Vrel"]
[Black "Chesspirate_Channel"]
[Result "0-1"]
[WhiteElo "2423"]
[BlackElo "2338"]
[PlyCount "80"]
[EventDate "2021.??.??"]
[EventType "blitz"]

1. e4 e5 2. Nf3 d5 3. Nxe5 Bd6 4. d4 dxe4 5. Bc4 Bxe5 6. Qh5 Qe7 7. Qxe5 Qxe5
8. dxe5 Nc6 9. Bf4 Nge7 10. Nc3 Ng6 11. Bg3 Ngxe5 12. Bb3 Bf5 13. O-O-O O-O 14.
Rhe1 Rac8 15. Nxe4 Ng6 16. Nc5 b6 17. Na6 Na5 18. Nxc7 Nxb3+ 19. axb3 h5 20. c3
h4 21. Bd6 Rfd8 22. Nb5 Be6 23. b4 a5 24. Na7 Ra8 25. Nc6 Rdc8 26. b5 Bd7 27.
Nd4 a4 28. f4 Nf8 29. Re7 Bg4 30. Rde1 Ne6 31. Nxe6 Bxe6 32. Bc7 Ra7 33. Bd6
Ra5 34. Re5 Bc4 35. Bb4 Rxb5 36. Rxb5 Bxb5 37. Rb7 Rc6 38. Rb8+ Kh7 39. Rf8 Bc4
40. f5 Rf6 {Time forfeit} 0-1

[Event "Rated Blitz game"]
[Site "?"]
[Date "2021.03.21"]
[Round "?"]
[White "WelshTiger"]
[Black "anjaya01"]
[Result "0-1"]
[WhiteElo "2440"]
[BlackElo "2329"]
[PlyCount "70"]
[EventDate "2021.??.??"]
[EventType "blitz"]

1. e4 e5 2. Nf3 d5 3. exd5 Bd6 4. Nc3 f5 5. d4 e4 6. Ne5 Nf6 7. Bc4 a6 8. a4
Qe7 9. Bf4 Nbd7 10. Nxd7 Bxd7 11. Bxd6 cxd6 12. Ne2 Rc8 13. Bb3 O-O 14. Qd2 Ng4
15. Qf4 e3 16. f3 Nf2 17. O-O g5 18. Qg3 f4 19. Nxf4 Rxf4 20. Rae1 h5 21. h3 h4
22. Qh2 Rxd4 23. Re2 Rd2 24. Rxd2 exd2 25. Kxf2 Re8 26. Kg1 Qe3+ 27. Kh1 Qe1
28. Qg1 Qxf1 29. Qxf1 Re1 30. c3 Rxf1+ 31. Kh2 Rb1 32. Bc2 Rxb2 33. Bd1 Rb1 34.
Be2 Bxa4 35. g3 Re1 {Normal} 0-1

[Event "Rated Blitz tournament oYcyGYjo"]
[Site "?"]
[Date "2021.03.21"]
[Round "?"]
[White "TrollOni"]
[Black "geptil"]
[Result "0-1"]
[WhiteElo "2531"]
[BlackElo "2426"]
[PlyCount "26"]
[EventDate "2021.??.??"]
[EventType "blitz"]

1. e4 e5 2. Nf3 d5 3. exd5 e4 4. Qe2 Nf6 5. Nc3 Be7 6. Nxe4 O-O 7. d3 Re8 8.
Bd2 Nxd5 9. O-O-O f5 10. Nc3 Nxc3 11. Bxc3 Bg5+ 12. Nxg5 Rxe2 13. Bxe2 Qxg5+ {
Normal} 0-1

[Event "Rated Blitz game"]
[Site "?"]
[Date "2021.03.21"]
[Round "?"]
[White "Bor-Gosh"]
[Black "DarthZannah"]
[Result "1-0"]
[WhiteElo "2548"]
[BlackElo "2598"]
[PlyCount "137"]
[EventDate "2021.??.??"]
[EventType "blitz"]

1. e4 e5 2. Nf3 d5 3. Nxe5 dxe4 4. Nc3 Qd4 5. Nc4 Nf6 6. d3 Bb4 7. dxe4 Bxc3+
8. bxc3 Qxd1+ 9. Kxd1 Nxe4 10. Be3 Nxc3+ 11. Kd2 Ne4+ 12. Ke2 O-O 13. f3 Nf6
14. Kf2 Nc6 15. Rb1 b6 16. Bg5 Nd5 17. Bd3 Be6 18. Be4 f6 19. Bd2 Nce7 20. a4
a5 21. Rhe1 Bf7 22. Ne3 Rad8 23. c4 Nf4 24. Red1 Nd3+ 25. Ke2 Nc5 26. Bc2 Nc6
27. Bc3 Rfe8 28. Kf2 Kf8 29. Nd5 Rd7 30. Bxh7 Red8 31. Bf5 Rd6 32. Bc2 Bxd5 33.
cxd5 Rxd5 34. Rxd5 Rxd5 35. h4 Nd4 36. Bg6 Nxa4 37. Re1 Ne6 38. Rxe6 Rd8 39.
Ba1 b5 40. Rc6 b4 41. Rxc7 Rb8 42. Rf7+ Kg8 43. Ra7 b3 44. Bd4 b2 45. Bb1 Nb6
46. Bxb6 Rxb6 47. Rxa5 Kf7 48. g4 Ke6 49. h5 Rc6 50. Rb5 Rc1 51. Ba2+ Kd6 52.
Rxb2 Kc5 53. Re2 Kd6 54. Kg3 Rc5 55. Kf4 Ra5 56. Bf7 Ra7 57. Bg6 Ra5 58. Be4
Ke7 59. Rb2 Ra7 60. Rb7+ Rxb7 61. Bxb7 Ke6 62. Be4 Kf7 63. Kf5 Kf8 64. Bd5 Ke7
65. Kg6 Kf8 66. f4 f5 67. Kxf5 g5 68. Kxg5 Kg7 69. f5 {Normal} 1-0

[Event "Rated Blitz game"]
[Site "?"]
[Date "2021.03.21"]
[Round "?"]
[White "ProChessor_YouTube"]
[Black "RJF72"]
[Result "0-1"]
[WhiteElo "2457"]
[BlackElo "2298"]
[PlyCount "54"]
[EventDate "2021.??.??"]
[EventType "blitz"]

1. e4 e5 2. Nf3 d5 3. exd5 Bd6 4. Bb5+ c6 5. dxc6 Nxc6 6. O-O Nf6 7. d4 e4 8.
Ne5 O-O 9. Nxc6 bxc6 10. Bxc6 Rb8 11. h3 Bc7 12. f4 exf3 13. Qxf3 Qxd4+ 14. Kh1
Ba6 15. Rd1 Qe5 16. g3 Be2 17. Qf4 Bxd1 18. Qxe5 Bxe5 19. Nc3 Bxc3 20. bxc3
Bxc2 21. Bg5 Be4+ 22. Bxe4 Nxe4 23. Be3 Nxg3+ 24. Kg2 Nf5 25. Rf1 Nxe3+ 26. Kf2
Nxf1 27. Kxf1 Rb2 {Time forfeit} 0-1

[Event "Rated Blitz tournament ZMHLyiSU"]
[Site "?"]
[Date "2021.03.21"]
[Round "?"]
[White "Kampion"]
[Black "Jenlen3001"]
[Result "1-0"]
[WhiteElo "2282"]
[BlackElo "2595"]
[PlyCount "113"]
[EventDate "2021.??.??"]
[EventType "blitz"]

1. e4 e5 2. Nf3 d5 3. exd5 e4 4. Qe2 Nf6 5. d3 Qxd5 6. Nbd2 Be7 7. dxe4 Qd8 8.
e5 Nd5 9. Nb3 O-O 10. a3 a5 11. c4 Nb6 12. Be3 a4 13. Nbd4 Bg4 14. Rd1 Qc8 15.
h3 Bh5 16. g4 Bg6 17. Bg2 Na6 18. O-O Nc5 19. Bg5 Re8 20. Qd2 Bf8 21. Qf4 h6
22. Bh4 Nxc4 23. Nf5 Nxb2 24. N3d4 Nxd1 25. Rxd1 Ne6 26. Nxe6 fxe6 27. Nd4 Bxa3
28. g5 h5 29. Bf1 c6 30. Bc4 b5 31. Ba2 Ra7 32. Qe4 Rc7 33. Qxg6 Rce7 34. Qxh5
g6 35. Qxg6+ Kh8 36. Qf6+ Kg8 37. g6 Bb2 38. Rd3 Bxd4 39. Rxd4 c5 40. Rf4 c4
41. Qg5 Rg7 42. Rf6 Qc5 43. Rf7 Re7 44. Rxg7+ Kxg7 45. Qf6+ Kg8 46. g7 Rxg7+
47. Kh2 Qf8 48. Bg3 Qf7 49. Qxf7+ Kxf7 50. Bb1 Rg6 51. Be4 Rg8 52. Bf4 Rb8 53.
Bf3 b4 54. Bh5+ Ke7 55. Be2 Kd7 56. Bxc4 b3 57. Bb5+ {Time forfeit} 1-0

[Event "Rated Blitz tournament RXSUcE5q"]
[Site "?"]
[Date "2021.03.21"]
[Round "?"]
[White "Glek_Igor"]
[Black "Schachelite"]
[Result "0-1"]
[WhiteElo "2633"]
[BlackElo "2400"]
[PlyCount "58"]
[EventDate "2021.??.??"]
[EventType "blitz"]

1. e4 e5 2. Nf3 d5 3. exd5 e4 4. Qe2 Nf6 5. d3 Qxd5 6. Nfd2 Nc6 7. Nc3 Qa5 8.
Ndxe4 Be6 9. Bd2 O-O-O 10. Nxf6 gxf6 11. Ne4 Qb6 12. Bc3 Nd4 13. Bxd4 Rxd4 14.
c3 Rd7 15. Qc2 Re7 16. Be2 f5 17. Ng5 Rg8 18. Nxe6 Qxe6 19. g3 f4 20. Kf1 Qh3+
21. Kg1 Bh6 22. Bf1 Qh5 23. Qd1 f3 24. Bg2 Re2 25. Bf1 Rge8 26. h4 Rxf2 27.
Bh3+ Kb8 28. Kxf2 Re2+ 29. Kf1 Qe5 {Time forfeit} 0-1

[Event "Rated Blitz game"]
[Site "?"]
[Date "2021.03.21"]
[Round "?"]
[White "lederman"]
[Black "DarthZannah"]
[Result "0-1"]
[WhiteElo "2434"]
[BlackElo "2585"]
[PlyCount "70"]
[EventDate "2021.??.??"]
[EventType "blitz"]

1. e4 e5 2. Nf3 d5 3. exd5 e4 4. Qe2 Nf6 5. Nc3 Be7 6. Nxe4 O-O 7. d4 Qxd5 8.
Nxf6+ Bxf6 9. Be3 Bg4 10. h3 Bxf3 11. Qxf3 Qa5+ 12. c3 Nc6 13. Bd3 Nxd4 14. Qe4
g6 15. O-O Nf5 16. Bf4 c6 17. Qc4 Ne7 18. Be4 Rfe8 19. Rfe1 Bg7 20. a4 Nd5 21.
Bg3 Nb6 22. Qb3 Re7 23. Bd6 Re6 24. Bb4 Qe5 25. Bf3 Qxe1+ 26. Rxe1 Rxe1+ 27.
Kh2 Rf1 28. a5 Nd7 29. a6 bxa6 30. Bxc6 Rd8 31. Qc4 Rxf2 32. Kg1 Rxb2 33. Qd5
Re8 34. Qxd7 Re1+ 35. Kh2 Be5# {Normal} 0-1

[Event "Rated Blitz game"]
[Site "?"]
[Date "2021.03.21"]
[Round "?"]
[White "Parogu"]
[Black "SerialDrinker"]
[Result "1-0"]
[WhiteElo "2405"]
[BlackElo "2285"]
[PlyCount "81"]
[EventDate "2021.??.??"]
[EventType "blitz"]

1. e4 e5 2. Nf3 d5 3. Nxe5 Bd6 4. d4 dxe4 5. Bc4 Bxe5 6. dxe5 Qxd1+ 7. Kxd1 Nc6
8. Bb5 Bd7 9. Bf4 Nge7 10. Ke2 Ng6 11. g3 Ngxe5 12. Bxc6 Nxc6 13. Bxc7 O-O 14.
c3 f5 15. Na3 Be6 16. Rhd1 Rf7 17. Bf4 h6 18. h4 a6 19. Rd6 Re8 20. b3 Kh7 21.
Nc2 Rd7 22. Rad1 Rxd6 23. Rxd6 Kg6 24. Nd4 Nxd4+ 25. cxd4 Kf7 26. d5 Bc8 27. h5
Ke7 28. Rg6 Kf7 29. Ke3 Re7 30. Kd4 Ke8 31. Be5 b5 32. Bxg7 f4 33. gxf4 Bf5 34.
Rg1 Rc7 35. Ke5 Bh7 36. Bxh6 Rc3 37. Rg7 e3 38. fxe3 Rxe3+ 39. Kd6 Bf5 40. Rg8+
Kf7 41. Rf8# {Normal} 1-0

[Event "Rated Blitz tournament w4cPxPO3"]
[Site "?"]
[Date "2021.03.20"]
[Round "?"]
[White "Djoniw_KotaBogor"]
[Black "om_gendut"]
[Result "1-0"]
[WhiteElo "2251"]
[BlackElo "2402"]
[PlyCount "121"]
[EventDate "2021.??.??"]
[EventType "blitz"]

1. e4 e5 2. Nf3 d5 3. Nxe5 Bd6 4. d4 dxe4 5. Nc4 Be7 6. Ne3 Nf6 7. Be2 O-O 8.
Nc3 Nc6 9. d5 Ne5 10. O-O Bd6 11. b3 Qe7 12. Bb2 a6 13. Na4 Ng6 14. c4 b6 15.
Rc1 Bd7 16. Nc3 Qe5 17. g3 Qg5 18. Rb1 h5 19. Bc1 Qe5 20. Bb2 h4 21. Nb5 Qg5
22. Nxd6 cxd6 23. f4 exf3 24. Rxf3 Ng4 25. Nxg4 Bxg4 26. Rd3 Bxe2 27. Qxe2 Rae8
28. Qf2 Qg4 29. Rd4 Qe2 30. Rd2 Qxf2+ 31. Rxf2 hxg3 32. hxg3 Re4 33. Kg2 Rfe8
34. Rbf1 f6 35. Ba3 Rd8 36. Kf3 Re7 37. Re2 Ne5+ 38. Kf2 Rde8 39. Kg2 Rd7 40.
Rfe1 Kf7 41. Bb2 Rde7 42. Bd4 Nd7 43. Rxe7+ Rxe7 44. Rxe7+ Kxe7 45. Kf3 g6 46.
g4 Kf7 47. Kf4 Ke7 48. g5 fxg5+ 49. Kxg5 Kf7 50. Kf4 a5 51. a3 Kg8 52. b4 axb4
53. axb4 Kh7 54. Kg5 Ne5 55. Bxe5 dxe5 56. c5 bxc5 57. bxc5 Kg7 58. c6 e4 59.
Kf4 e3 60. Kxe3 Kf6 61. c7 {Normal} 1-0

[Event "Rated Blitz tournament 9XpBZrer"]
[Site "?"]
[Date "2021.03.20"]
[Round "?"]
[White "Milutin60"]
[Black "Madjrs72"]
[Result "0-1"]
[WhiteElo "2215"]
[BlackElo "2425"]
[PlyCount "148"]
[EventDate "2021.??.??"]
[EventType "blitz"]

1. e4 e5 2. Nf3 d5 3. d4 dxe4 4. Nxe5 Bd6 5. Nc4 Nf6 6. Be2 Nc6 7. c3 O-O 8.
Bg5 Re8 9. Nbd2 Bf5 10. Nxd6 Qxd6 11. Nc4 Qe6 12. Ne3 Rad8 13. O-O Bg6 14. Ng4
Ne7 15. Nxf6+ gxf6 16. Be3 Nd5 17. c4 Nb4 18. Qb3 Nd3 19. Qxb7 Rb8 20. Qxa7
Rxb2 21. d5 Qf5 22. Bxd3 exd3 23. Rad1 Qg4 24. Qxc7 Rxe3 25. h3 Qg5 26. d6 Be4
27. Qc8+ Kg7 28. Qg4 Qxg4 29. hxg4 Ree2 30. d7 Rb8 31. f3 Bg6 32. Rf2 Rd8 33.
Kf1 Rxd7 34. Rxe2 dxe2+ 35. Kxe2 Rxd1 36. Kxd1 Bd3 37. c5 Kf8 38. Kd2 Bf1 39.
g3 Ke7 40. Ke3 Kd7 41. a4 Kc6 42. Kd4 h6 43. f4 Be2 44. g5 fxg5 45. fxg5 hxg5
46. Ke5 Kxc5 47. Kf6 g4 48. Kxf7 Kb4 49. Kf6 Kxa4 50. Kf5 Kb4 51. Kf4 Kc4 52.
Ke3 Bf3 53. Kf2 Kd3 54. Kf1 Ke3 55. Kg1 Bd1 56. Kh2 Kf3 57. Kh1 Kxg3 58. Kg1
Bf3 59. Kf1 Kh2 60. Kf2 g3+ 61. Kxf3 g2 62. Ke3 g1=Q+ 63. Ke4 Qf2 64. Kd5 Qe3
65. Kc4 Kg3 66. Kd5 Kf4 67. Kd6 Qe4 68. Kc5 Qd3 69. Kc6 Ke5 70. Kc5 Qd5+ 71.
Kb4 Qc6 72. Kb3 Kd4 73. Kb4 Qb6+ 74. Ka3 Kc3 {Normal} 0-1

[Event "Rated Blitz game"]
[Site "?"]
[Date "2021.03.20"]
[Round "?"]
[White "espinozasgod"]
[Black "Jenlen3001"]
[Result "1-0"]
[WhiteElo "2419"]
[BlackElo "2597"]
[PlyCount "89"]
[EventDate "2021.??.??"]
[EventType "blitz"]

1. e4 e5 2. Nf3 d5 3. exd5 e4 4. Qe2 Nf6 5. d3 Qxd5 6. Ng5 Be7 7. dxe4 Qd8 8.
Nc3 O-O 9. Bd2 Nc6 10. O-O-O Nd4 11. Qe1 c5 12. h4 a6 13. e5 Ng4 14. f3 Nh6 15.
Bd3 b5 16. Bxh7+ Kh8 17. Be4 Rb8 18. Nd5 b4 19. Kb1 Be6 20. Nxe6 fxe6 21. Nf4
Kg8 22. Nxe6 Nxe6 23. Bxh6 Nd4 24. Qg3 Rf7 25. e6 Bf6 26. exf7+ Kxf7 27. Qg6+
Kg8 28. h5 Rb6 29. Qh7+ Kf8 30. Qh8+ Ke7 31. Qxd8+ Kxd8 32. Be3 Ke7 33. h6 gxh6
34. Rxh6 a5 35. g4 Rb8 36. g5 Bg7 37. Rh7 Kf8 38. Bxd4 cxd4 39. f4 a4 40. f5
Be5 41. f6 Rb5 42. Bg6 Kg8 43. Rdh1 Bh2 44. R1xh2 Rxg5 45. Rh8# {Normal} 1-0

[Event "Rated Blitz tournament rN0HH5Cl"]
[Site "?"]
[Date "2021.03.20"]
[Round "?"]
[White "Fruskagora2020"]
[Black "gmmds2694"]
[Result "1-0"]
[WhiteElo "2390"]
[BlackElo "2627"]
[PlyCount "129"]
[EventDate "2021.??.??"]
[EventType "blitz"]

1. e4 e5 2. Nf3 d5 3. Nxe5 Bd6 4. d4 dxe4 5. Bc4 Bxe5 6. dxe5 Qxd1+ 7. Kxd1 Nc6
8. Bd5 Nge7 9. Bxe4 Nxe5 10. Bf4 N7g6 11. Bxg6 Nxg6 12. Bxc7 Bf5 13. Nc3 O-O
14. Kc1 Rfe8 15. Bg3 h5 16. h4 Rac8 17. Rd1 b5 18. a3 a5 19. Rd2 b4 20. axb4
axb4 21. Ne2 b3 22. c3 Bc2 23. Ra5 Re4 24. f3 Re6 25. Nd4 Re3 26. Nxc2 bxc2 27.
Kxc2 Nf8 28. Rxh5 Re6 29. Rhd5 Rb6 30. Rd8 Rbc6 31. Rxc8 Rxc8 32. Rd6 Ne6 33.
Be5 Kf8 34. h5 Ke7 35. f4 f6 36. f5 Nc5 37. Bh2 Rh8 38. g4 Rc8 39. Rb6 Nd7 40.
Rb7 Ke8 41. Bd6 Rc6 42. Bb4 Rc4 43. Kd3 Rxg4 44. c4 Ne5+ 45. Kc3 Rxc4+ 46. Kb3
Rg4 47. Bc3 Nf7 48. Rb8+ Ke7 49. Bb4+ Kd7 50. Rb7+ Ke8 51. Re7+ Kd8 52. Rxf7
Ke8 53. Re7+ Kd8 54. h6 gxh6 55. Re6 Rg3+ 56. Ka4 Rf3 57. Rxf6 h5 58. Rh6 Rxf5
59. Bd6 Kd7 60. b4 Rd5 61. b5 Rxd6 62. Rxh5 Rd4+ 63. Ka5 Rd1 64. Rh7+ Kc8 65.
Kb6 {Time forfeit} 1-0

[Event "Rated Blitz tournament 1TnTxIqI"]
[Site "?"]
[Date "2021.03.20"]
[Round "?"]
[White "lenta1"]
[Black "batasjon"]
[Result "0-1"]
[WhiteElo "2465"]
[BlackElo "2207"]
[PlyCount "118"]
[EventDate "2021.??.??"]
[EventType "blitz"]

1. e4 e5 2. Nf3 d5 3. exd5 e4 4. Qe2 Nf6 5. Nc3 Be7 6. Nxe4 O-O 7. d3 Re8 8.
Qd1 Qxd5 9. Nc3 Qe6+ 10. Be2 Bb4 11. Bd2 Nc6 12. a3 Bxc3 13. Bxc3 h6 14. Bxf6
Qxf6 15. O-O Qxb2 16. Re1 Qf6 17. Rb1 b6 18. d4 Bg4 19. c3 Qd6 20. h3 Bh5 21.
a4 a5 22. Rb5 Bg6 23. Bc4 Kf8 24. Ne5 Nxe5 25. Rbxe5 Rxe5 26. Rxe5 Re8 27. f4
f6 28. Rxe8+ Bxe8 29. g3 Qe7 30. Kf2 Bc6 31. Bd3 Qe6 32. c4 Qxh3 33. d5 Be8 34.
Bf1 Qd7 35. Qd4 Qxa4 36. d6 Qd7 37. c5 bxc5 38. Qxc5 Qxd6 39. Qxa5 Qb6+ 40.
Qxb6 cxb6 41. Ke3 Ke7 42. Kd4 Kd6 43. Bd3 Bc6 44. Bc2 Bd5 45. Bd3 g5 46. Be2
Bc6 47. fxg5 hxg5 48. Bd3 b5 49. Be4 Bxe4 50. Kxe4 Ke6 51. g4 f5+ 52. gxf5+ Kf6
53. Kf3 Kxf5 54. Kg3 b4 55. Kf3 b3 56. Ke3 b2 57. Kd3 b1=Q+ 58. Kd4 Qb5 59. Ke3
Qa4 {Time forfeit} 0-1

[Event "Rated Blitz game"]
[Site "?"]
[Date "2021.03.20"]
[Round "?"]
[White "dncwh26"]
[Black "RoadToFM-L"]
[Result "0-1"]
[WhiteElo "2233"]
[BlackElo "2413"]
[PlyCount "96"]
[EventDate "2021.??.??"]
[EventType "blitz"]

1. e4 e5 2. Nf3 d5 3. Nxe5 Bd6 4. d4 dxe4 5. Bc4 Bxe5 6. Qh5 Qe7 7. Qxe5 Qxe5
8. dxe5 Nc6 9. Bf4 Bg4 10. O-O O-O-O 11. Nc3 Nge7 12. h3 Bh5 13. g4 Bg6 14.
Rfd1 Nd4 15. Bb3 Nec6 16. Kg2 Nf3 17. Rxd8+ Rxd8 18. Rd1 Rxd1 19. Nxd1 Nfxe5
20. Ne3 f6 21. Kg3 Kd7 22. Nd5 Nf3 23. Be3 a6 24. Nc3 Nfd4 25. Kf4 Ne6+ 26.
Bxe6+ Kxe6 27. Nxe4 Bxe4 28. Kxe4 Ne7 29. f4 g6 30. Kd4 f5 31. g5 Kd6 32. Bd2
c5+ 33. Ke3 Kd5 34. b3 b5 35. Bc3 Nc6 36. Bf6 c4 37. h4 Nb4 38. c3 Nxa2 39. b4
Nc1 40. Bd4 Nb3 41. Be5 a5 42. bxa5 Nxa5 43. Bf6 Nc6 44. Bg7 b4 45. cxb4 Nxb4
46. Be5 Kc5 47. Bf6 Nd5+ 48. Kd2 Nxf4 {Normal} 0-1

[Event "Rated Blitz game"]
[Site "?"]
[Date "2021.03.20"]
[Round "?"]
[White "Lzikon"]
[Black "ALYoTaNc0"]
[Result "1-0"]
[WhiteElo "2431"]
[BlackElo "2457"]
[PlyCount "109"]
[EventDate "2021.??.??"]
[EventType "blitz"]

1. e4 e5 2. Nf3 d5 3. exd5 e4 4. Qe2 Nf6 5. Nc3 Be7 6. Nxe4 O-O 7. d3 Qxd5 8.
Bg5 Bg4 9. Bxf6 Bxf6 10. c3 Nd7 11. h3 Bh5 12. g4 Bg6 13. Bg2 Rfe8 14. O-O Bxe4
15. dxe4 Rxe4 16. Qc2 Qc4 17. Nd2 Re2 18. Bf3 Rae8 19. Bxe2 Rxe2 20. Rfe1 Bg5
21. Nxc4 Rxc2 22. Re8+ Nf8 23. Rd1 g6 24. a4 Kg7 25. Rd4 Ne6 26. Rxe6 fxe6 27.
Rd7+ Kh6 28. Rxc7 Bh4 29. f4 g5 30. fxg5+ Kxg5 31. Rxh7 Bf2+ 32. Kf1 Bg3 33.
Rxb7 a6 34. Rf7 Kh4 35. Rh7+ Kg5 36. Rf7 Kh4 37. Rf3 Kxh3 38. g5 Kg4 39. Re3
Bf4 40. Rxe6 Kf3 41. g6 Rf2+ 42. Ke1 Rg2 43. Kd1 a5 44. b4 axb4 45. cxb4 Kg4
46. a5 Kf5 47. Rc6 Ke4 48. a6 Kd3 49. Ke1 Bg3+ 50. Kf1 Rf2+ 51. Kg1 Ra2 52. g7
Ra1+ 53. Kg2 Ra2+ 54. Kxg3 Rxa6 55. Rxa6 {Normal} 1-0

[Event "Rated Rapid tournament GsiTYxyT"]
[Site "?"]
[Date "2021.03.20"]
[Round "?"]
[White "MrStahlberg"]
[Black "Autumnal"]
[Result "1-0"]
[WhiteElo "2434"]
[BlackElo "2403"]
[PlyCount "63"]
[EventDate "2021.??.??"]
[EventType "rapid"]

1. e4 e5 2. Nf3 d5 3. exd5 Bd6 4. d3 f5 5. Nc3 Nf6 6. Be2 O-O 7. h3 a6 8. Ng5
h6 9. Ne6 Bxe6 10. dxe6 Qe7 11. g4 Qxe6 12. gxf5 Qxf5 13. Be3 Bb4 14. Bg4 Nxg4
15. hxg4 Bxc3+ 16. bxc3 Qg6 17. g5 hxg5 18. Qg4 Nc6 19. O-O-O Rf5 20. Rh5 Raf8
21. Rdh1 Kf7 22. c4 Ke8 23. Qe4 R5f6 24. Qd5 Rd6 25. Qg2 b6 26. Rxg5 Qf6 27.
Rxg7 Rd7 28. Rg6 Qe7 29. Qxc6 Qa3+ 30. Kd2 Qb4+ 31. Ke2 Qc3 32. Re6+ {Time
forfeit} 1-0

[Event "Rated Blitz tournament w4cPxPO3"]
[Site "?"]
[Date "2021.03.20"]
[Round "?"]
[White "PejuangBKD"]
[Black "om_gendut"]
[Result "1-0"]
[WhiteElo "2335"]
[BlackElo "2421"]
[PlyCount "83"]
[EventDate "2021.??.??"]
[EventType "blitz"]

1. e4 e5 2. Nf3 d5 3. Nxe5 Bd6 4. d4 dxe4 5. Nc4 Be7 6. Nc3 Nf6 7. Bg5 Bf5 8.
Be2 O-O 9. O-O Nbd7 10. f3 Bg6 11. fxe4 Nxe4 12. Bxe7 Qxe7 13. Nd5 Qg5 14. Nf4
Rad8 15. Bd3 Ndf6 16. Nxg6 hxg6 17. c3 b5 18. Ne5 Qe3+ 19. Kh1 Nf2+ 20. Rxf2
Qxf2 21. Bxb5 Qe3 22. Qe1 Qg5 23. Bc4 Rde8 24. h3 c5 25. Qb1 Qf5 26. Nxg6 Qf2
27. Nxf8 Kxf8 28. Qf1 Qxb2 29. dxc5 Qxc3 30. Rc1 Qa5 31. c6 Re7 32. Bb3 Ne4 33.
Qf4 Nc5 34. Qb8+ Re8 35. Qd6+ Kg8 36. Rxc5 Qe1+ 37. Kh2 Re2 38. Qd8+ Re8 39.
Qd6 Re7 40. c7 Rxc7 41. Rxc7 Qe5+ 42. Qxe5 {Normal} 1-0

[Event "Rated Blitz game"]
[Site "?"]
[Date "2021.03.20"]
[Round "?"]
[White "KingOfOmashu1"]
[Black "CristianS27"]
[Result "0-1"]
[WhiteElo "2338"]
[BlackElo "2410"]
[PlyCount "22"]
[EventDate "2021.??.??"]
[EventType "blitz"]

1. e4 e5 2. Nf3 d5 3. Nxe5 dxe4 4. Bc4 Qg5 5. d4 Qxg2 6. Bxf7+ Ke7 7. Rf1 Bh3
8. Bc4 Nf6 9. Nc3 Nbd7 10. Bf4 Nb6 11. Bb3 Qxf1+ {Normal} 0-1

[Event "Rated Blitz tournament 9XpBZrer"]
[Site "?"]
[Date "2021.03.20"]
[Round "?"]
[White "SergTheGreat"]
[Black "Madjrs72"]
[Result "1/2-1/2"]
[WhiteElo "2326"]
[BlackElo "2430"]
[PlyCount "112"]
[EventDate "2021.??.??"]
[EventType "blitz"]

1. e4 e5 2. Nf3 d5 3. Nxe5 Bd6 4. d4 dxe4 5. Be2 Bxe5 6. dxe5 Qxd1+ 7. Bxd1 Nc6
8. Bf4 Nge7 9. Nc3 Bf5 10. O-O Ng6 11. Bg3 O-O-O 12. Re1 h5 13. h3 Ngxe5 14.
Nxe4 Rhe8 15. Bxh5 g6 16. Bd1 Nc4 17. f3 Nxb2 18. Be2 Bxe4 19. fxe4 Rd2 20.
Bg4+ Kb8 21. c3 Nd3 22. Re3 Nde5 23. Be2 Na5 24. Rf1 Nac4 25. Bxc4 Nxc4 26.
Ref3 Nd6 27. Bxd6 cxd6 28. Rxf7 Rxe4 29. Rg7 a6 30. Rff7 Rb2 31. Rxg6 Ree2 32.
h4 Rxa2 33. h5 Re1+ 34. Kh2 Raa1 35. Kg3 Rh1 36. h6 Ra5 37. Rxd6 Rg5+ 38. Kf2
Rh2 39. h7 Rgxg2+ 40. Ke1 Rg1+ 41. Rf1 Rxf1+ 42. Kxf1 Rxh7 43. Ke2 Ka7 44. Kd3
Rc7 45. Rd4 a5 46. Kc2 Ka6 47. Kb3 Rc6 48. Rd5 b5 49. Rd4 a4+ 50. Kb4 Rc4+ 51.
Rxc4 bxc4 52. Kxc4 Ka5 53. Kd3 Kb5 54. Kc2 Kc4 55. Kb2 a3+ 56. Kxa3 Kxc3 {
Normal} 1/2-1/2

[Event "Rated Blitz game"]
[Site "?"]
[Date "2021.03.20"]
[Round "?"]
[White "HeCtOr001"]
[Black "Roberto_Baggio1978"]
[Result "1-0"]
[WhiteElo "2435"]
[BlackElo "2511"]
[PlyCount "83"]
[EventDate "2021.??.??"]
[EventType "blitz"]

1. e4 e5 2. Nf3 d5 3. Nxe5 Bd6 4. d4 dxe4 5. Nc3 Nf6 6. Bg5 Bf5 7. Bb5+ c6 8.
Bc4 O-O 9. O-O Be7 10. a4 Nbd7 11. Ne2 Nxe5 12. dxe5 Ng4 13. Bf4 Bc5 14. Ng3
Qxd1 15. Raxd1 Bg6 16. h3 Nh6 17. Rfe1 Rad8 18. Rxd8 Rxd8 19. Nxe4 Rd4 20. Bd3
Bb4 21. Re2 Be7 22. Bxh6 gxh6 23. b3 c5 24. g3 a6 25. f4 b5 26. axb5 axb5 27.
Nf2 c4 28. bxc4 bxc4 29. Bxg6 hxg6 30. Kg2 h5 31. h4 Kg7 32. Re4 Bc5 33. Rxd4
Bxd4 34. Ne4 Kf8 35. Nd6 c3 36. Kf3 Ke7 37. Ke2 Ke6 38. Nb5 Kd5 39. Nxd4 Kxd4
40. Kf3 Kd5 41. Ke3 Kc4 42. Ke4 {Normal} 1-0

[Event "Rated Blitz game"]
[Site "?"]
[Date "2021.03.20"]
[Round "?"]
[White "raamin1"]
[Black "ALYoTaNc0"]
[Result "0-1"]
[WhiteElo "2300"]
[BlackElo "2426"]
[PlyCount "40"]
[EventDate "2021.??.??"]
[EventType "blitz"]

1. e4 e5 2. Nf3 d5 3. Nc3 dxe4 4. Nxe5 Qd4 5. Nc4 Be6 6. Ne3 f5 7. g3 Nc6 8.
Bg2 O-O-O 9. O-O g5 10. Qe1 Nf6 11. d3 f4 12. gxf4 gxf4 13. Ne2 Qd6 14. Nxf4
Qxf4 15. dxe4 Rg8 16. Kh1 Bd6 17. e5 Bxe5 18. Ng4 Qxg4 19. Bxc6 bxc6 20. Rg1
Qf3+ {Normal} 0-1

[Event "Rated Blitz game"]
[Site "?"]
[Date "2021.03.20"]
[Round "?"]
[White "YuaDewhirst"]
[Black "artsportscience"]
[Result "1-0"]
[WhiteElo "2424"]
[BlackElo "2319"]
[PlyCount "71"]
[EventDate "2021.??.??"]
[EventType "blitz"]

1. e4 e5 2. Nf3 d5 3. Nxe5 Bd6 4. d4 dxe4 5. Bf4 Nf6 6. Bc4 O-O 7. O-O Nc6 8.
Nxc6 bxc6 9. Be3 Bf5 10. c3 Bg6 11. Nd2 Nd5 12. Qc1 f5 13. f3 f4 14. fxe4 fxe3
15. exd5 exd2 16. dxc6+ Kh8 17. Qxd2 Qh4 18. g3 Qg4 19. b4 Be4 20. b5 Qh3 21.
Rae1 Bf3 22. Qf2 Bd5 23. Qe2 Bxc4 24. Qxc4 Bxg3 25. Qe2 Bxe1 26. Qxe1 Qxf1+ 27.
Qxf1 Rxf1+ 28. Kxf1 a6 29. a4 axb5 30. axb5 Ra3 31. c4 Rc3 32. c5 Rb3 33. b6
cxb6 34. c7 Rf3+ 35. Ke2 Rf8 36. cxb6 {Normal} 1-0

[Event "Rated Blitz game"]
[Site "?"]
[Date "2021.03.20"]
[Round "?"]
[White "Passdar"]
[Black "anjaya01"]
[Result "0-1"]
[WhiteElo "2436"]
[BlackElo "2322"]
[PlyCount "106"]
[EventDate "2021.??.??"]
[EventType "blitz"]

1. e4 e5 2. Nf3 d5 3. exd5 Bd6 4. Qe2 Qe7 5. d4 e4 6. Ne5 f6 7. Nc4 f5 8. Nc3
Nf6 9. Bg5 h6 10. Bxf6 Qxf6 11. O-O-O O-O 12. f3 Bf4+ 13. Kb1 e3 14. g3 Bd6 15.
Nxd6 cxd6 16. Qxe3 Nd7 17. f4 Nb6 18. Bd3 Bd7 19. Rhe1 Rae8 20. Qf2 a6 21. h4
Nc8 22. Ne2 b5 23. Ng1 Nb6 24. Nf3 Nxd5 25. c4 Nb4 26. Qd2 Nxd3 27. Qxd3 bxc4
28. Qxc4+ Kh7 29. Ng5+ hxg5 30. hxg5 Qf7 31. Rh1+ Kg8 32. Qe2 Bc6 33. Qh2 Bxh1
34. Rxh1 Qg6 35. Qg2 Re4 36. a3 d5 37. Qc2 Qb6 38. Ka1 Rfe8 39. Qc3 a5 40. Ka2
a4 41. Ka1 Re2 42. g6 Qxg6 43. Qc5 Qe6 44. Ka2 Rb8 45. Rb1 Re3 46. Qc7 Reb3 47.
Qc2 Qe4 48. Qd2 Rd3 49. Qa5 Qxd4 50. Qa6 Rdb3 51. Qe6+ Kf8 52. Qxf5+ Qf6 53.
Qc2 d4 {Time forfeit} 0-1